000
00319nam a22001337a 4500
008
170731b xxu||||| |||| 00| 0 eng d
020
_a
0136619010
041
_a
eng
080
_a
004
100
_a
32
101
_a
SHKI
245
_a
PETER NORTON'S ASSEMBLY LANGUAGE BOOK FOR THE IBM PC
_c
NORTON, P
942
_2
udc
_c
BK
999
_c
22189
_d
22189